| 000 | 00956cam a2200313 i 4500 | ||
|---|---|---|---|
| 003 | EG-ScBUE | ||
| 005 | 20241029145107.0 | ||
| 008 | 080828t2001 enka f b 001 0 eng d | ||
| 020 | _a1852330589 (alk. paper) | ||
| 020 | _a9781852330583 | ||
| 040 |
_aEG-ScBUE _beng _erda _cEG-ScBUE _dEG-ScBUE |
||
| 082 | 0 | 4 |
_a516 _bROG _222 |
| 100 | 1 |
_aFenn, Roger, _eauthor. |
|
| 245 | 1 | 0 |
_aGeometry / _cRoger Fenn. |
| 264 | 1 |
_aLondon ; _aNew York : _bSpringer, _c[2001] |
|
| 264 | 4 | _cc2001 | |
| 300 |
_axii, 313 pages : _billustrations ; _c24 cm. |
||
| 336 |
_2rdacontent _atext _btxt |
||
| 337 |
_aunmediated _2rdamedia _bn |
||
| 338 |
_avolume _bnc _2rdacarrier |
||
| 490 | 0 | _aSpringer undergraduate mathematics series | |
| 504 | _aIncludes bibliographical references and index. | ||
| 590 | _aMohamed Hussein | ||
| 650 | 7 |
_aGeometry. _2BUEsh |
|
| 651 | _2BUEsh | ||
| 653 |
_bPPhrm _cAugust2015 |
||
| 655 | _vReading book | ||
| 942 |
_cNB _2ddc |
||
| 999 |
_c5157 _d5157 |
||